| 000 | 00475nam a2200169Ia 4500 | ||
|---|---|---|---|
| 005 | 20250508064329.0 | ||
| 008 | 240331s9999 xx 000 0 und d | ||
| 020 | _a9559429639 | ||
| 082 |
_bHAQ _a894 _26915 |
||
| 100 | _aHaq,L.A | ||
| 245 | 0 |
_aWomen characters in Se. Ganesalingan's recent novels- a feminine approach _cS. Ganeshalingan |
|
| 260 |
_aChennai _bKumaran Publishers _c2005 |
||
| 300 | _a105 p ., | ||
| 650 | _aWoman | ||
| 650 | _afeminine approach | ||
| 942 | _cL | ||
| 999 |
_c3878 _d3878 |
||